Applied Physics in Nursing (Record no. 152751)

MARC details
000 -LEADER
fixed length control field 00351nam a2200133Ia 4500
008 - FIXED-LENGTH DATA ELEMENTS--GENERAL INFORMATION
fixed length control field 230411s9999 xx 000 0 und d
041 ## - LANGUAGE CODE
Language code of text/sound track or separate title eng
082 ## - DEWEY DECIMAL CLASSIFICATION NUMBER
Classification number B/612.014/INA/B01432
100 ## - MAIN ENTRY--PERSONAL NAME
Personal name Inamdar Madhuri
245 ## - TITLE STATEMENT
Title Applied Physics in Nursing
260 ## - PUBLICATION, DISTRIBUTION, ETC. (IMPRINT)
Name of publisher, distributor, etc. Vora Medical Publications
Place of publication, distribution, etc. Mumbai
Date of publication, distribution, etc. 2001
300 ## - PHYSICAL DESCRIPTION
Extent 70p
Holdings
Withdrawn status Lost status Damaged status Not for loan Collection code Home library Current library Date acquired Vendor Cost, normal purchase price Bill number Total Checkouts Full call number Barcode Date last seen Cost, replacement price Bill Date Koha item type Original Barcode
          Smt. Bakul Tambat Institute of Nursing Education Smt. Bakul Tambat Institute of Nursing Education 10/09/2003 B.J.Medical Co-oprative College Stores 40.00 6051   B 612.014 INA B01432 BTIN-BK-1432 11/04/2023 30.00 20/03/2003 Books B01432